Discurso de ingreso (Registro nro. 30382)

Detalles MARC
000 -LEADER
campo de control de longitud fija 00962nam a2200217 i 4500
001 - NÚMERO DE CONTROL
campo de control 30382
003 - IDENTIFICADOR DE NÚMERO DE CONTROL
campo de control ES-MaACL
005 - FECHA Y HORA DE LA ÚLTIMA TRANSACCIÓN
campo de control 20230906154202.0
007 - CAMPO FIJO DE DESCRIPCIÓN FÍSICA--INFORMACIÓN GENERAL
campo de control de longitud fija t|
008 - DATOS DE LONGITUD FIJA--INFORMACIÓN GENERAL
campo de control de longitud fija 030124s1972 sp ||||1| spa d
100 1# - ENTRADA PRINCIPAL--NOMBRE DE PERSONA
Nombre de persona Belinchón Valera, Pedro.
9 (RLIN) 27167
245 10 - MENCIÓN DEL TÍTULO
Título Discurso de ingreso
Resto del título : ecología biológica /
Mención de responsabilidad, etc. Pedro Belinchón Valera ; discurso de contestación por Isidoro Mínguez Delgado ; palabras finales por Ramón Sánchez-Parra García.
260 ## - PUBLICACIÓN, DISTRIBUCIÓN, ETC.
Lugar de publicación, distribución, etc. Murcia :
Nombre del editor, distribuidor, etc. Academia de Medicina y Cirugía,
Fecha de publicación, distribución, etc. [1972]
300 ## - DESCRIPCIÓN FÍSICA
Extensión 59 p. ;
Dimensiones 24 cm.
594 ## - Nota al título y mención de responsabilidad
Nota al título y mención de responsabilidad Precede al tít.: Discursos leídos en la sesión extraordinaria celebrada por la Real Academia de Medicina y Cirugía de Murcia el día 26 de marzo de 1969.
650 #4 - PUNTO DE ACCESO ADICIONAL DE MATERIA--TÉRMINO DE MATERIA
Término de materia o nombre geográfico como elemento de entrada Ecología.
9 (RLIN) 11995
700 1# - ENTRADA AGREGADA--NOMBRE PERSONAL
Nombre de persona Mínguez Delgado, Isidoro.
9 (RLIN) 81353
700 1# - ENTRADA AGREGADA--NOMBRE PERSONAL
Nombre de persona Sánchez-Parra García, Ramón.
9 (RLIN) 167026
710 2# - ENTRADA AGREGADA--NOMBRE DE ENTIDAD CORPORATIVA
Nombre de entidad corporativa o nombre de jurisdicción como elemento de entrada Real Academia de Medicina y Cirugía de Murcia.
9 (RLIN) 6328
852 ## - LOCALIZACIÓN
Ubicación ES-MaACL
Número de control de estantería 2083-F-15
Existencias
Estatus retirado Estado de pérdida Estado de daño No para préstamo Colección Biblioteca de origen Biblioteca actual Ubicación en estantería Fecha de adquisición Fuente de adquisición Total de préstamos Signatura topográfica completa Código de barras Visto por última vez Precio de reemplazo Tipo de ítem Koha
        Colección de folletos Biblioteca del Ateneo de Madrid Biblioteca del Ateneo de Madrid Depósito folletos 17/01/2008     2083-F-15 1031365 23/02/2023 23/02/2023 Folleto